000 00399nam a2200133Ia 4500
008 220217s9999||||xx |||||||||||||| ||und||
020 _a81-213-1362-3
082 _a5.133
100 _aAlblas, Henk Nymeyer, Albert
_92217
245 0 _aPractice and principles of compiler bulding with C
260 _aPrentice hall of india
_bNew Delhi
_c2001
300 _b175
650 _aPROGRAMMING LANGUAGE
999 _c168604
_d168604